00523nam a2200169 a 450000100060000000300090000600800410001502000150005604000280007108200160009910000400011524501090015526000330026430000100029765000250030765000210033216799CO-ViMGA141112s2004 ck r 000 u spa d a9701501233 aCO-ViMGAbspacCO-ViMGA04a658.38 O3421 aOficina Internacional del trabajo, 10aSeguridad, salud y condiciones de trabajo en la transferencia de tecnología a los paises en desarrollo aMexico , cAlfaOmega, c1995 a81.p.14aSEGURIDAD INDUSTRIAL14aSEGURIDAD SOCIAL